000 00809nam a22002297a 4500
999 _c18524
_d18524
003 AR-CdUCM
008 190514b ||||| |||| 00| 0 spa d
040 _aMUNICIPALIDAD PROVINCIAL DEL CUSCO
_cBIBLIOTECA MUNICIPAL DEL CUSCO
082 _a928.89 /
_bSCH313
100 _aSchaub, Emile
_939160
245 _aConstancio C. Vigil y su obra /
260 _aBuenos Aires :
_bComité cultural Argentino,
_c1523.
300 _a102 páginas ;
_c25 cm.
505 _aContenido : La paz y la fraternidad -- La moral evangélica del vigilismo -- Penetración de las amas infantiles...
650 _aPluralidad del espíritu
_939161
650 _aCristianismo
_92910
650 _aCarácter de vigil
_939162
700 _aKoch
_939163
700 _aRuiz Llanos, F.
_939164
942 _2ddc
_cLIBROS
945 _arcc